Biblioteca ESET

Matemática I (Registro nro. 419)

Detalles MARC
000 -CABECERA
fixed length control field 00287nam a2200121Ia 4500
008 - ELEMENTOS DE LONGITUD FIJA-INFORMACION GENERAL
fixed length control field 221202s9999 xx 000 0 und d
040 ## - FUENTE DE CATALOGACION
Agencia de catalogación original AR-BeUNQ
Idioma de catalogación ESPAÑOL
Convenciones de la descripción aacr
100 ## - ASIENTO PRINCIPAL-NOMBRE PERSONAL
Nombre personal Camuyrano, Ma.
245 #0 - MENCION DE TITULO
Título Matemática I
260 ## - PUBLICACION, DISTRIBUCION, ETC.
Lugar de publicación, distribución, etc. Buenos Aires
Nombre del editor, distribuidor, etc. Estrada
546 ## - NOTA DE IDIOMA
Nota de idioma Español
942 ## - ELEMENTOS DE PUNTO DE ACCESO ADICIONAL (KOHA)
Tipo de ítem Koha Libros
Suppress in OPAC 0

No hay ítems disponibles.

ESET UNQ

☏ 4365-7188
 Avenida República de Francia 1714 entre Doctor Kenny y Concordia, Ezpeleta, Bs As.
✉ secretaria_eset@unq.edu.ar

Con tecnología Koha